Taking Sides: (Record no. 82967)

MARC details
000 -LEADER
fixed length control field 00708nam a22001937a 4500
005 - DATE AND TIME OF LATEST TRANSACTION
control field 20140312115326.0
010 ## - LCCN (DPL NO)
LC control number B-505468-470
020 ## - INTERNATIONAL STANDARD BOOK NUMBER
International Standard Book Number 9780143066071
Terms of availability 499.00
035 ## - SYSTEM CONTROL NUMBER
System control number B-505468-470
037 ## - SOURCE OF ACQUISITION
Stock number dpl
Source of stock number/acquisition K.K.Pub/Ven
082 ## - DEWEY DECIMAL CLASSIFICATION NUMBER
Classification number 305.51220954
100 ## - MAIN ENTRY--PERSONAL NAME
Personal name Heredia, Rudolf C.
245 ## - TITLE STATEMENT
Title Taking Sides:
Remainder of title reservation quotas and minority rights in India/
Statement of responsibility, etc by Rudolf C. Heredia
260 ## - PUBLICATION, DISTRIBUTION, ETC. (IMPRINT)
Place of publication, distribution, etc New Delhi
Name of publisher, distributor, etc Penguin Books
Date of publication, distribution, etc 2012
270 ## - ADDRESS
Address 11 Community Centre, Panchsheel Park
City New Delhi
Postal code 110017 (India)
300 ## - PHYSICAL DESCRIPTION
Extent 383p.
Dimensions 10cm.(pbk)
942 ## - ADDED ENTRY ELEMENTS (KOHA)
Source of classification or shelving scheme Dewey Decimal Classification
Item type Children Books
Classification part 305.51220954
Call number suffix HER
Holdings
Withdrawn status Lost status Not for loan Collection code Home library Current library Date acquired Source of acquisition Cost, normal purchase price Full call number Barcode Copy number Cost, replacement price Koha item type
      Non-fiction Central Library Central Library 12/03/2014 KKP/BL2984/11.03.2013/172/11.03.2013/20.03.2013 499.00 305.51220954 HER B-505468 1 499.00 Children Books
      Non-fiction Janak Puri Janak Puri 12/03/2014 KKP/BL2984/11.03.2013/172/11.03.2013/20.03.2013 499.00 305.51220954 HER B-505470 1 499.00 Children Books
      Non-fiction Patel Nagar Patel Nagar 12/03/2014 KKP/BL2984/11.03.2013/172/11.03.2013/20.03.2013 499.00 305.51220954 HER B-505469 1 499.00 Children Books

© Delhi Public Library
Hit Counter
free hit counter